LEADER 00911nam0-22002651i-450 001 990004739070403321 005 20250610124925.0 035 $a000473907 035 $aFED01000473907 035 $a(Aleph)000473907FED01 100 $a19990530g19169999km-y0itay50------ba 101 0 $aita 105 $aaf------001yy 200 1 $aTrento e Trieste$edal Brennero alle rive dell'Adriatico$enella storia, nella natura, nella vita degli abitanti$fAttilio Brunialti 210 $aTorino [etc.]$cUnione tipografico-Editrice torinese$d1916 215 $aXII, 1300 p.$c27 tav., in gran parte color.$d29 cm 300 $aPref. e front. rilegati nel testo 700 1$aBrunialti,$bAttilio$f<1849-1920>$0116648 801 0$aIT$bUNINA$gRICA$2UNIMARC 901 $aBK 912 $a990004739070403321 952 $a3/II A 03$bR. Bibl. 5643/1850$fFLFBC 959 $aFLFBC 996 $aTrento e Trieste$9300485 997 $aUNINA